000 nam a22 a 4500
999 _c1610
_d1610
005 20170511102709.0
008 170511b1969 mau||||| |||| 00| 0 eng d
020 _a0316231231
040 _aAKMAL
082 _219
_a330 EKE
090 _a330
_bEKE
100 _aEkelund, Robert B.
_d1940-
_93270
245 1 0 _aEconomics /
_nRobert B. Ekelund, Jr., Robert D. Tollison.
260 _aBoston
_bLittle, Brown
_cc1986.
300 _axxxvii, 872 p.
_bill. (some col.)
_c26cm
500 _aIncludes index.
650 _aEconomics.
_93229
700 _aTollison, Robert D.
_93271
942 _2ddc
_cBOOK